<?xml version="1.0" encoding="UTF-8"?>
<record
    xmlns:xsi="http://www.w3.org/2001/XMLSchema-instance"
    xsi:schemaLocation="http://www.loc.gov/MARC21/slim http://www.loc.gov/standards/marcxml/schema/MARC21slim.xsd"
    xmlns="http://www.loc.gov/MARC21/slim">

  <leader>02052cam a2200301 a 4500</leader>
  <controlfield tag="001">623365</controlfield>
  <controlfield tag="003">OSt</controlfield>
  <controlfield tag="005">20230412201615.0</controlfield>
  <controlfield tag="008">990623s1997    ck      r     00010aspa d</controlfield>
  <datafield tag="015" ind1=" " ind2=" ">
    <subfield code="a">ck-1997-xxxx</subfield>
  </datafield>
  <datafield tag="020" ind1=" " ind2=" ">
    <subfield code="a">9786077353232</subfield>
  </datafield>
  <datafield tag="035" ind1=" " ind2=" ">
    <subfield code="a">AGS4007 LA</subfield>
  </datafield>
  <datafield tag="040" ind1=" " ind2=" ">
    <subfield code="a">la </subfield>
    <subfield code="c">la</subfield>
  </datafield>
  <datafield tag="041" ind1="1" ind2=" ">
    <subfield code="a">spa </subfield>
    <subfield code="h">eng</subfield>
  </datafield>
  <datafield tag="082" ind1="0" ind2="4">
    <subfield code="a">AN</subfield>
    <subfield code="b">MCCc</subfield>
  </datafield>
  <datafield tag="100" ind1="1" ind2=" ">
    <subfield code="a">McCourt, Frank, </subfield>
    <subfield code="d">1930-2009</subfield>
  </datafield>
  <datafield tag="245" ind1="1" ind2="4">
    <subfield code="a">Las cenizas de Angela / </subfield>
    <subfield code="c">Frank MacCourt ; traducci&#xF3;n de Alejandro Pareja.</subfield>
  </datafield>
  <datafield tag="260" ind1=" " ind2=" ">
    <subfield code="a">Barcelona : </subfield>
    <subfield code="b">Maeva, </subfield>
    <subfield code="c">2017.</subfield>
  </datafield>
  <datafield tag="300" ind1=" " ind2=" ">
    <subfield code="a">475 paginas ; </subfield>
    <subfield code="c">19 cm, </subfield>
    <subfield code="b">Tapa R&#xFA;stica.</subfield>
  </datafield>
  <datafield tag="440" ind1=" " ind2="0">
    <subfield code="a">Colecci&#xFFFD;n biograf&#xFFFD;as y documentos</subfield>
  </datafield>
  <datafield tag="490" ind1=" " ind2=" ">
    <subfield code="a">3a. edici&#xF3;n.</subfield>
  </datafield>
  <datafield tag="500" ind1=" " ind2=" ">
    <subfield code="a">"La voz que se escucha en el libro limpia de rencor y autocompasi&#xF3;n, tiene la ancha serenidad de una mirada infantil."--Antonio Mu&#xF1;oz MolinaEn sus memorias Frank McCourt entrega una historia de lucha y supervivencia en un medio s&#xF3;rdido y hostil.Frank es el hijo mayor de Malachy y &#xC1;ngela McCourt. La vida en Nueva York no ha sido f&#xE1;cil para la familia, que se ha multiplicado de manera considerable en muy poco tiempo. Malachy es un desempleado alcoh&#xF3;lico y el escaso dinero que gana, cuando trabaja, lo gasta en bebida.Cuando la hermana menor de Frank muere, sus padres deciden dejar Nueva York para comenzar una nueva vida en su pa&#xED;s de origen, Irlanda. Los McCourt parten entonces con sus cuatro hijos y con la esperanza de que la situaci&#xF3;n mejore, pero pronto se dan cuenta de que no ser&#xE1; as&#xED;. El padre no consigue trabajo y la familia subsiste merced a la caridad, mientras Frank se hace mayor y sue&#xF1;a con regresar a los Estados Unidos.Frank McCourt narra sus memorias de la infancia y la primera juventud con iron&#xED;a y crudeza en esta conmovedora novela, que se convirti&#xF3; en un best seller mundial y fue llevada a la pantalla grande en 1999.</subfield>
  </datafield>
  <datafield tag="534" ind1=" " ind2=" ">
    <subfield code="p">T&#xFFFD;tulo original. </subfield>
    <subfield code="t">Angela's ashes. A memoir.</subfield>
  </datafield>
  <datafield tag="630" ind1="4" ind2="0">
    <subfield code="a">Las cenizas de Angela</subfield>
    <subfield code="x"> Avances editoriales.</subfield>
  </datafield>
  <datafield tag="700" ind1="1" ind2=" ">
    <subfield code="a">Restrepo, Carlos Jos&#xFFFD;, </subfield>
    <subfield code="e">tr.</subfield>
  </datafield>
  <datafield tag="942" ind1=" " ind2=" ">
    <subfield code="2">ddc</subfield>
    <subfield code="c">BKLIT</subfield>
  </datafield>
  <datafield tag="949" ind1=" " ind2=" ">
    <subfield code="a">n   </subfield>
    <subfield code="b">n</subfield>
  </datafield>
  <datafield tag="999" ind1=" " ind2=" ">
    <subfield code="c">14881</subfield>
    <subfield code="d">14881</subfield>
  </datafield>
  <datafield tag="952" ind1=" " ind2=" ">
    <subfield code="0">0</subfield>
    <subfield code="1">0</subfield>
    <subfield code="2">ddc</subfield>
    <subfield code="4">0</subfield>
    <subfield code="7">0</subfield>
    <subfield code="8">LA</subfield>
    <subfield code="a">BPMOS</subfield>
    <subfield code="b">BPMOS</subfield>
    <subfield code="c">FIC</subfield>
    <subfield code="d">2023-04-12</subfield>
    <subfield code="e">Donaci&#xF3;n</subfield>
    <subfield code="l">4</subfield>
    <subfield code="m">2</subfield>
    <subfield code="o">AN MCCc</subfield>
    <subfield code="p">MOS503113</subfield>
    <subfield code="r">2025-02-21</subfield>
    <subfield code="s">2025-01-16</subfield>
    <subfield code="t">Ej. 1</subfield>
    <subfield code="w">2023-04-12</subfield>
    <subfield code="y">BKLIT</subfield>
    <subfield code="z">Quince d&#xED;as</subfield>
  </datafield>
</record>
